00919nam a22002657a 4500003001100000005001700011008004100028020001900069040003900088041000800127082001600135100001900151245006600170260006200236300006200298490002500360650001900385650006000404650003300464700002100497700002200518942000700540952009100547999001500638LK-CoMWRAF20231207102416.0231207b2013 |||||||| |||| 00| 0 eng d a 9789555801409 aLK-CoMWRAFdLK-CoMWRAFeLK-CoMWRAF aeng a303.69bTHA aThaheer, Minna a Reconciliation in Sri Lanka : bvoices from former war zones aColombo:bInternational Centre for Ethnic Studies, c2013 axvii, 178 p. : ill., 1 map ; 22 cmbBibliography included aICES research paper  aPeace-building aInternally displaced persons- Rehabilitation- Sri Lanka aSri Lanka- History-Civil War aPeiris, Pradeep  aPathiraja, Kasun  cBK 00104070aMAINbMAINd2023-12-07l0o303.69 THApRAF3319r2023-12-07w2023-12-07yBK c4298d4298